01447nam a2200157 a 4500008004100000020001800041041000800059100002100067245003600088250001100124260004000135300002200175500007900197505099800276655001501274161215e2016 ag |||g |||| 001 j spa d a9789500755245 aspa1 aHalvorsen, Erika3 aEl hilo rojo /cErika Halvorsen a3a ed. aBuenos Aires:bSudamericana;c2016. a192 p.b23x16 cm. aHalvorsen, E. (2016). El hilo rojo. (3a ed.). Buenos Aires : Sudamericana. aCuenta una leyenda china que un hilo rojo invisible conecta a aquellos que están destinados a encontrarse, sin importar el tiempo, el lugar o las circunstancias. El hilo se puede estirar o contraer, pero nunca romper. Antón y Abril parecen estar ligados por ese destino infalible. Luego de conocerse en un avión quedan flechados instantáneamente. Pero el azar hace que se separen y no vuelvan a cruzarse hasta varios años después. Ahora ambos han formado sus familias y están felizmente casados. Sin embargo el deseo los vuelve a atrapar en sus redes para que vivan otro encuentro inolvidable, poniendo en crisis sus valores y creencias. El hilo rojo, novela que inspiró la película, es una relato erótico y romántico sobre dos personas que se debaten entre la pasión y el amor, la aventura y la rutina, la llama de lo prohibido y el calor del hogar. Erika Halvorsen ha escrito una historia que deja sin aliento, donde las fantasías más osadas se hacen realidad.  aLiteratura